| 000 | 00942nam a22002531 4500 | ||
|---|---|---|---|
| 005 | 20090601134032.0 | ||
| 008 | 721219s1962 nyu 000 0 eng | ||
| 010 | _aENG-93794 | ||
| 020 |
_a9788131305065 _c895.00 |
||
| 035 | _aEN-77327 | ||
| 037 | _bDBAD / PUB | ||
| 040 |
_adpl _bEnglish |
||
| 082 | _a638.2 | ||
| 245 |
_aMulberry sericulture: _cby Kamal Jaiswal...[et al] _bproblems and prospects / |
||
| 260 |
_aNew Delhi _bAPH Publishing _c2009 |
||
| 270 |
_a4435-36/7, Ansari Road, Daryaganj, _bNew Delhi _e110002 |
||
| 300 |
_axix, 236 p. _c23cm(Hb) |
||
| 500 | _aIncludes index | ||
| 650 |
_aSericulture _zIndia |
||
| 700 | _aJaiswal, Kamal | ||
| 942 |
_cEN _mMUL _2ddc _h638.2 |
||
| 999 |
_c27087 _d27087 |
||